Sports Quiz

Random Sports or Baseball Quiz

MLB 4-HR Games Quiz Stats

 Plays Quiz Updated Jun 7, 2017

Challenge
Share
Tweet
Embed
Score 0/18 Timer 04:00
0 Plays Today
Year Player % Correct
2012Josh Hamilton
90.7%
1961Willie Mays
67.3%
2017J.D. Martinez
63.7%
1976Mike Schmidt
61.2%
2003Carlos Delgado
60.4%
1932Lou Gehrig
58.6%
2002Shawn Green
56.8%
2017Scooter Gennett
55.3%
2002Mike Cameron
35.6%
Year Player % Correct
1993Mark Whiten
30.6%
1986Bob Horner
26.5%
1950Gil Hodges
20.7%
1959Rocky Colavito
19.6%
1936Chuck Klein
16.9%
1954Joe Adcock
15.5%
1896Ed Delahanty
10.9%
1894Bobby Lowe
5.1%
1948Pat Seerey
4.5%

You're not logged in!

Compare scores with friends on all Sporcle quizzes.
OR
Log In

You Might Also Like...

Show Comments

Extras

Top Quizzes Today


Score Distribution

Your Account Isn't Verified!

In order to create a playlist on Sporcle, you need to verify the email address you used during registration. Go to your Sporcle Settings to finish the process.

Report this User

Report this user for behavior that violates our Community Guidelines.

Details: